| 000 | 00913nam0a22002531 4500 | ||
|---|---|---|---|
| 001 | rc\984099 | ||
| 005 | 20250622065343.0 | ||
| 035 | _a(NLR Aleph) 006151846 | ||
| 090 |
_a5770764 _c5770764 |
||
| 100 | _a20041129d1981 |||y0rusy50 ca | ||
| 101 | 0 | _arus | |
| 102 | _aRU | ||
| 105 | _ay ||||||||| | ||
| 200 | 1 |
_aЭффективные углы испускания рентгеновского переходного излучения в случае тел конечных размеров _fА.С. Амбарцумян, Ян Ши |
|
| 210 |
_aЕреван _cЕФИ _d1981 |
||
| 215 |
_a12 с. _d20 |
||
| 225 | 1 |
_aЕреванский физический институт _vЕФИ-511 (54)-81 |
|
| 700 | 1 |
_aАмбарцумян _bА.С. _gАрмен Сергеевич |
|
| 701 | 0 | _aЯн Ши | |
| 801 | 0 |
_aRU _bNLR _gpsbo |
|
| 801 | 1 |
_aRU _bELAR _2rusmarc |
|
| 852 |
_aNLR _j82-4/25414 |
||
| 942 | _cBOOK | ||
| 980 | _aNB | ||